000 01207naa a22003017a 4500
001 BR9102888
003 BR-BrBNA
005 20240918180728.0
007 ta
008 230509b bl.||||| |||| 00| 0 por d
040 _aBR-BrBNA
_bpor
_cBiblioteca Nacional de Agricultura
041 _a(Pt)
072 _aK10; U10
_b3103
090 _aK10 BR9102888
100 1 _aStefanello, F.R.
100 1 _aSanquetta, C.R.
100 1 _aHosokawa, R.T.
111 1 _a1. Encontro Brasileiro de Planejamento Florestal
_cCuritiba, PR (Brazil)
_d4-6 Oct 1989
245 1 _aSubsidios bio-econometricos para o planejamento da producao florestal
260 3 _aCuritiba, PR (Brasil):
_c1989.
500 _aGraca, L.R. (ed.) Anais do 1. Encontro Brasileiro de Planejamento Florestal Curitiba, PR (Brasil): 1989. p. 325-342 (BR9102888-AM)K10
650 _aPINHEIRO-DO-PARANA
650 _aDENDROMETRIA
650 _aMODELO MATEMATICO
773 0 _tAnais do 1. Encontro Brasileiro de Planejamento Florestal
_aGraca, L.R. (ed.). Centro Nacional de Pesquisa de Florestas, Curitiba, PR (Brasil)
_wK10 BR9102888
_gCuritiba, PR (Brasil), 1989. p. 325-342
909 _a202404
_bLucia
_c55
_dLucia Elande
942 _cAM
_2AGRIS
999 _c321854
_d321854